000
00292nam a22001217a 4500
020
_a
0130211192
082
_2
22
_a
005.72
100
_a
McGrath, Sean.
245
_a
XML Processing with Python /
260
_a
USA,
_b
Prentice Hall,
_c
c2000.
300
_a
xxiv, 527 p. ;
_b
ill. ;
942
_2
ddc
_c
IT
999
_c
4132
_d
4132